| 000 | 00659nam a2200217 a 4500 | ||
|---|---|---|---|
| 005 | 20210219160215.0 | ||
| 008 | 080925s1980 mx r 000 0 spa d | ||
| 035 | _aUPN01000160931 | ||
| 049 | _aUNE | ||
| 080 | _a159.953/ .3-053.7 =20 ALL No.22. | ||
| 100 | 1 | _aAlles, Jinapala | |
| 245 | 1 | 4 |
_aThe young learner - Notes on current knowledge : _baA resource document/ _cJinapala Alles. |
| 260 |
_aParĂs : _bUNESCO, _bUNICEF, _c1980. |
||
| 300 | _a11 p. | ||
| 440 | 0 |
_aNotes, Comments ... ; _v22 |
|
| 690 | _aAprendizaje - Juventud - Procesos | ||
| 690 | _aAprendizaje - Juventud - Procesos | ||
| 700 | 1 | _aUNICEF | |
| 710 | 2 | _aUNESCO | |
| 905 | _aUNESCO | ||
| 999 |
_c133044 _d133044 |
||